Statistiques concernant Trouve les paroles - Destin - Celine Dion

Cliquez ici pour prendre le quiz!

Statistiques générales

  • Ce quiz a été pris 66 fois
  • Le résultat moyen est 211 sur 249

Statistiques - réponses

Réponse% Correct
à
100%
de
100%
des
100%
Des
100%
destin
100%
Le
100%
le
100%
Je
98%
je
98%
les
98%
mon
98%
Au
96%
au
96%
battements
96%
chemin
96%
coeur
96%
est
96%
et
96%
pas
96%
rythme
96%
vais
96%
mes
94%
Tel
92%
Ainsi
90%
aux
90%
Aux
90%
heures
90%
la
90%
La
90%
ma
90%
passent
90%
entêtant
88%
88%
ce
85%
Ni
85%
routes
85%
un
85%
vie
85%
vois
85%
doigts
81%
frontières
81%
Y'a
81%
autour
79%
cathédrale
79%
peu
79%
vole
79%
frères
77%
prières
77%
viens
77%
voix
77%
d'or
75%
Juste
75%
volets
75%
cacher
73%
j'apprends
73%
mien
73%
ses
73%
voiles
73%
d'opale
71%
hivers
71%
temps
71%
étés
69%
kilomètres
69%
monde
69%
aéroports
67%
fuseaux
67%
horaires
67%
indiens
67%
j'écoute
67%
sombres
67%
tous
67%
vos
67%
choix
65%
long
65%
mystères
65%
prends
65%
sens
65%
avais-je
63%
dans
63%
lendemains
63%
répondeurs
63%
vis
63%
lumière
62%
mains
62%
plus
62%
téléphone
62%
bonheur
60%
creux
60%
d'automne
60%
yeux
60%
l'amour
58%
notes
58%
pluies
58%
virevolte
58%
donne
56%
s'égoutte
56%
ailleurs
54%
cris
54%
m'emporte
54%
signaux
54%
déserts
52%
arides
50%
gelées
50%
d'été
46%
feux
44%
Terres
44%
peine
35%
blues
31%

Distribution des résultats

Percentile par nombre de réponses

% des personnes avec chaque résultat

Votre développement - résultats

Vous n’avez pas pris ce quiz